000 00627nam a2200229 a 4500
999 _c2075
_d2075
001 2075
003 BD-JhCC
005 20171030090817.0
008 171029s2006 bg a|||| ||a| 000 0 ben d
035 _a(BD-JhCC)2075
040 _aBD-JhCC
_dBD-JhCC
041 _aben
082 _a070
_bALV 2006
100 _aআলভী, আবদাল আদিল
245 _a'৭১ কেচ্ছা /
_cআবদাল আদিল আলভী,
260 _aDhaka :
_bAl-Yakub Press,
_c2006
300 _a131 p. :
_c22 cm.
650 _aHistory Liberation war
650 _aNewspaper
942 _2ddc
_cBK